书目信息 |
| 题名: |
机遇偏爱谁
|
|
| 作者: | ;上海物理学会普及工作委员会 著 | |
| 分册: | ||
| 出版信息: | 上海 上海科学技术出版社 1984 |
|
| 页数: | 97页 | |
| 开本: | 19cm | |
| 丛书名: | ||
| 单 册: | ||
| 中图分类: | O4-49 , G633.7 | |
| 科图分类: | ||
| 主题词: | 物理学--普及读物 , 教育--各级 | |
| 电子资源: | ||
| ISBN: | ||
| 000 | 00752nam0 2200265 45 | |
| 001 | 0184002687 | |
| 005 | 20040707095540.0 | |
| 010 | @dCNY0.29 | |
| 091 | @a13119.10133 | |
| 100 | @a19950608d1984 em y0chiy0121 ea | |
| 101 | 0 | @achi |
| 102 | @aCN@b310000 | |
| 105 | @ay z 000yy | |
| 106 | @ar | |
| 200 | 10 | @a机遇偏爱谁@Aji yu pian ai shei@f上海物理学会普及工作委员会著 |
| 210 | @a上海@c上海科学技术出版社@d1984 | |
| 215 | @a97页@d19cm | |
| 606 | @a物理学@x普及读物 | |
| 606 | 0 | @a教育@x各级 |
| 690 | @aO4-49@v3 | |
| 690 | @aG633.7@v3 | |
| 711 | 02 | @a上海物理学会普及工作委员会@Ashang hai wu li xue hui pu ji gong zuo weiyuan hui@4著 |
| 801 | 0 | @aCN@b上海图书馆@c20030108 |
| 801 | 2 | @aCN@bNLC@c20030108 |
| 905 | @dG633.7@e47@f1@b101660 | |
| 机遇偏爱谁/上海物理学会普及工作委员会著.-上海:上海科学技术出版社,1984 |
| 97页;19cm |
| ISBN :CNY0.29 |
| ● |
| 相关链接 |
|
|
|
|
正题名:机遇偏爱谁
索取号:G633.7/47
 
预约/预借
| 序号 | 登录号 | 条形码 | 馆藏地/架位号 | 状态 | 备注 |
| 1 | 0101660 | 001952462 | 密集书库/ [索取号:G633.7/47] | 在馆 | |
| 2 | 0101661 | 000617443 | 第一样本阅览室/ [索取号:G633.7/47] | 在馆 | |
| 3 | 0191659 | 000617434 | 密集书库/ [索取号:G633.7/47] | 在馆 |